| Поле | Инд. | ПП | Название | Значение |
|---|---|---|---|---|
| Тип записи | a | |||
| Библиографический уровень | b | |||
| 001 | Контрольный номер | UNIDUBNA455c5237ece442959bb6ae1e2c545c0f | ||
| 005 | Дата корректировки | 20230203104818.9 | ||
| 008 | Кодируемые данные | 20170331 | ||
| 040 | b | Код языка каталог. | rus | |
| e | Правила каталог. | PSBO | ||
| 041 | 0_ | a | Код языка текста | rus |
| 084 | a | Индекс другой классификации/Индекс ББК | 67.410.12с51 | |
| 100 | 1_ | a | Автор | Алиев Т. Т. |
| q | Полное имя | Алиев Тигран Тигранович | ||
| 100 | 1_ | a | Автор | Логвина К. Д. |
| q | Полное имя | Логвина Кристина Дмитриевна | ||
| 245 | 10 | a | Заглавие | Современные проблемы института доказательств и доказывания под влиянием цифровизации в арбитражном судопроизводстве РФ |
| 520 | 0_ | a | Аннотация | Представленное исследование посвящено современным проблемам в сфере обеспечения доказательств в арбитражном процессуальном праве. Рассматривается вопрос о влиянии цифровизации на законодательство Российской Федерации, в частности поднимается проблема определения места электронных доказательств в арбитражном процессе. Также в рамках настоящей статьи предприняты попытки выработать критерии для приобщения электронных доказательств к материалам дела. Целью исследования является комплексный анализ действующего законодательства, а именно норм Арбитражного процессуального кодекса Российской Федерации, в вопросах применения судами электронных документов в качестве доказательств |
| 650 | 14 | a | Основная рубрика | арбитражное процессуальное право |
| a | Основная рубрика | право | ||
| a | Основная рубрика | процессуальное право | ||
| a | Основная рубрика | судопроизводство | ||
| 653 | 0_ | a | Ключевые слова | арбитражный процесс |
| a | Ключевые слова | Арбитражный процессуальный кодекс РФ | ||
| a | Ключевые слова | доказательства | ||
| a | Ключевые слова | доказывание | ||
| a | Ключевые слова | информационные технологии | ||
| a | Ключевые слова | Россия | ||
| a | Ключевые слова | цифровизация | ||
| a | Ключевые слова | электронная цифровая подпись | ||
| a | Ключевые слова | электронные доказательства | ||
| 773 | 08 | t | Заглавие источника | Российская юстиция |
| d | Дата издания источника | 2021 | ||
| g | Прочая информация | № 5. - С. 7 - 11 | ||
| w | Контрольный № источника | 7fe8f1301f51420c9d79fa9c7e9a2e7e | ||
| 901 | t | Тип документа | b |